=LDR 00000nam 2200000 4500 =001 INLIS000000000022619 =005 20240221081733 =035 ##$$a 0010-061300000022619 =008 240221################e##########0#ind## =041 ##$$a Ind =082 ##$$a 540.107 6 =090 ##$$a 540.107 6, Pan-p =245 ##$$a Panduan ringkas Kimia untuk kelas 1,2,3 SMU, /$c Tim Penyusun Absolut =260 ##$$a Yogyakarta,$c 2004 =300 ##$$a 316 hlm. : $b ilus. ; $c 19 cm =650 #4$$a Kimia-Tes dan Evaluasi =850 ##$$a NBPNMAT =084 ##$$a 540.107 6 PAN =990 ##$$a 10407289 =990 ##$$a 1202400569 =990 ##$$a 1202400569 =990 ##$$a 10407289